000 00494nam a2200181Ia 4500
003 OSt
005 20240213145312.0
008 210210b1911 xxu||||| |||| 00| 0 eng d
040 _cAL
041 _aKannada
082 _a852/180
100 _aGADIGEYA HUCHCHAYYA ಗದಿಗೆಯ ಹುಚ್ಚಯ್ಯ
_9150912
245 _aNiti Manjari
_b ನೀತಿ ಮಂಜರಿ
260 _aMangaluru
_b-
_c1911
690 _aKannada Prose
_9150915
906 _a018748
942 _2ddc
_cBK
999 _c142301
_d142301